| 000 | 00392nam a22001457a 4500 | ||
|---|---|---|---|
| 999 |
_c7952 _d7952 |
||
| 003 | OSt | ||
| 005 | 20200610125522.0 | ||
| 008 | 200610b ||||| |||| 00| 0 eng d | ||
| 020 | _a9788192895031 | ||
| 082 |
_a747.05 _bSAI |
||
| 110 | _aSaili Malpani (editor) | ||
| 245 | _aIIID anchor design excellence awards 2016 | ||
| 260 |
_aMumbai _bInstitute of Indian interior design _c2016 |
||
| 942 | _2ddc | ||